书目信息 |
| 题名: |
实用临床血液细胞学图谱
|
|
| 作者: | 刘志洁 黄文源主编 | |
| 分册: | ||
| 出版信息: | 北京 科学出版社 1996.01 |
|
| 页数: | 257页 | |
| 开本: | 19cm | |
| 丛书名: | ||
| 单 册: | ||
| 中图分类: | R331.1-64 | |
| 科图分类: | ||
| 主题词: | 人体生理学 | |
| 电子资源: | ||
| ISBN: | 7-03-003016-8 | |
| 000 | 00579nam0 2200181 45 | |
| 001 | 9911301546 | |
| 005 | 19991130153621.4 | |
| 010 | @a7-03-003016-8@d370.00 | |
| 100 | @a19991130d1996 km y0chiy0120 ea | |
| 101 | @achi | |
| 105 | @a z 000yy | |
| 200 | 1 | @a实用临床血液细胞学图谱@AShi Yong Lin Chuang Xue Ye Xi Bao Xue Tu Pu@f刘志洁 黄文源主编@FLiu Zhi Jie Huang Wen Yuan Zhu Bian |
| 210 | @a北京@c科学出版社@d1996.01 | |
| 215 | @a257页@c无图表@d19cm | |
| 606 | 0 | @a人体生理学 |
| 690 | @aR331.1-64@v3 | |
| 801 | @aCN@bPerfectUser@c19991130 | |
| 905 | @aBZT@b65045@f1@dR331.1-64@e1 | |
| 实用临床血液细胞学图谱/刘志洁 黄文源主编.-北京:科学出版社,1996.01 |
| 257页:无图表;19cm |
| ISBN 7-03-003016-8:370.00 |
| ● |
| 相关链接 |
|
|
|
正题名:实用临床血液细胞学图谱
索取号:R331.1-64/1
 
预约/预借
| 序号 | 登录号 | 条形码 | 馆藏地/架位号 | 状态 | 备注 |
| 1 | 65045 | 200367352 | 教材工具书阅览室/工1架A面5层1列/ [索取号:R331.1-64/1] | 在馆 |